Médaillés aux Championnats du Monde de Biathlon 2025 - Statistiques

Statistiques générales
  • Ce quiz a été pris 378 fois
  • Le résultat moyen est 49 sur 66
Statistiques - réponses
Épreuve Athlète Pays % Correct
Individuel H Eric Perrot France
99%
Poursuite H Eric Perrot France
99%
Relais H Eric Perrot France
99%
Relais M Eric Perrot France
99%
Sprint H Johannes Thingnes Bø Norvège
99%
Poursuite H Johannes Thingnes Bø Norvège
99%
Mass Start H Johannes Thingnes Bø Norvège
99%
Relais H Johannes Thingnes Bø Norvège
99%
Relais Simple M Johannes Thingnes Bø Norvège
99%
Individuel H Quentin Fillon Maillet France
99%
Sprint H Quentin Fillon Maillet France
99%
Relais H Quentin Fillon Maillet France
99%
Relais Simple M Quentin Fillon Maillet France
99%
Relais H Tarjei Bø Norvège
99%
Individuel F Julia Simon France
95%
Relais F Julia Simon France
95%
Relais M Julia Simon France
95%
Relais Simple M Julia Simon France
95%
Individuel F Lou Jeanmonnot France
94%
Relais F Lou Jeanmonnot France
94%
Relais M Lou Jeanmonnot France
94%
Sprint F Justine Braisaz Bouchet France
92%
Poursuite F Justine Braisaz Bouchet France
92%
Relais F Justine Braisaz Bouchet France
92%
Poursuite F Elvira Öberg Suède
91%
Mass Start F Elvira Öberg Suède
91%
Relais F Elvira Öberg Suède
91%
Relais H Émilien Claude France
91%
Relais M Émilien Jacquelin France
91%
Relais H Fabien Claude France
91%
Relais F Hanna Öberg Suède
90%
Sprint F Franziska Preuß Allemagne
89%
Poursuite F Franziska Preuß Allemagne
89%
Relais M Franziska Preuß Allemagne
89%
Relais Simple M Franziska Preuß Allemagne
89%
Mass Start F Océane Michelon France
88%
Relais F Océane Michelon France
88%
Individuel H Tommaso Giacomel Italie
88%
Sprint H Campbell Wright États Unis
82%
Poursuite H Campbell Wright États Unis
82%
Mass Start H Sturla Holm Lægreid Norvège
78%
Relais H Sturla Holm Lægreid Norvège
78%
Relais F Ingrid Tandrevold Norvège
77%
Sprint F Suvi Minkkinen Finlande
71%
Relais H Philipp Nawrath Allemagne
56%
Relais M Philipp Nawrath Allemagne
56%
Relais F Karoline Knotten Norvège
53%
Relais M Selina Grotian Allemagne
50%
Relais F Anna Magnusson Suède
49%
Mass Start H Endre Strømsheim Norvège
49%
Relais H Endre Strømsheim Norvège
49%
Individuel F Ella Halvarsson Suède
48%
Relais F Ella Halvarsson Suède
48%
Mass Start F Maren Kirkeeide Norvège
47%
Relais F Maren Kirkeeide Norvège
47%
Relais M Justus Strelow Allemagne
46%
Relais Simple M Justus Strelow Allemagne
46%
Relais H Philipp Horn Allemagne
40%
Relais M Michal Krčmář République Tchèque
35%
Relais H Johannes Kühn Allemagne
25%
Relais F Ragnhild Femsteinevik Norvège
22%
Relais Simple M Ragnhild Femsteinevik Norvège
22%
Relais H Danilo Riethmüller Allemagne
21%
Relais M Vítězslav Hornig République Tchèque
16%
Relais M Tereza Voborníková République Tchèque
15%
Relais M Jessica Jislová République Tchèque
12%
Aucun quiz correspondant
Distribution des résultats
% des personnes avec chaque résultat
Percentile par nombre de réponses
Votre historique - résultats
Vous n’avez pas pris ce quiz